Politics and the people: in search of a humane India (Record no. 18190)

MARC details
000 -LEADER
fixed length control field 00665nam a2200205Ia 4500
082 ## - DEWEY DECIMAL CLASSIFICATION NUMBER
Classification number 320.954 KOT-;
100 ## - MAIN ENTRY--AUTHOR NAME
Personal name Kothari, Rajni
245 #0 - TITLE STATEMENT
Title Politics and the people: in search of a humane India
260 ## - PUBLICATION, DISTRIBUTION, ETC. (IMPRINT)
Place of publication New Delhi
Name of publisher Ajanta Publications
Year of publication 1989
300 ## - PHYSICAL DESCRIPTION
Number of Pages 2v.
500 ## - GENERAL NOTE
General note Contents: Vol.1. (81-202-0215-5) (xLiv, 250p.) - v.2. (81-202-0212-x) (535p.)
504 ## - BIBLIOGRAPHY, ETC. NOTE
Bibliography, etc Includes bibliography
650 ## - SUBJECT ADDED ENTRY--TOPICAL TERM
Topical Term India - Foreign relations
650 ## - SUBJECT ADDED ENTRY--TOPICAL TERM
Topical Term Political sociology
650 ## - SUBJECT ADDED ENTRY--TOPICAL TERM
Topical Term Political parties - India
650 ## - SUBJECT ADDED ENTRY--TOPICAL TERM
Topical Term Opposition (Political science)
650 ## - SUBJECT ADDED ENTRY--TOPICAL TERM
Topical Term India - Politics and government
650 ## - SUBJECT ADDED ENTRY--TOPICAL TERM
Topical Term Communalism - India
942 ## - ADDED ENTRY ELEMENTS (KOHA)
Koha item type Books
Source of classification or shelving scheme Dewey Decimal Classification
Holdings
Withdrawn status Lost status Damaged status Not for loan Home library Current library Date acquired Bill Date Full call number Accession Number Price effective from Koha item type
        NASSDOC Library NASSDOC Library 08/06/2004 2004-10-22 320.954 KOT-; 29120 18/04/2019 Books
        NASSDOC Library NASSDOC Library 08/06/2004 2004-10-22 320.954 KOT-; 29121 18/04/2019 Books